| 000 | 00392 a2200169 4500 | ||
|---|---|---|---|
| 001 | 187582 | ||
| 020 | _a978-85-359-1177-0 | ||
| 040 | _cMagnum | ||
| 100 | _aBerbery, Muriel | ||
| 240 | 1 | 0 |
_aA elegância do ouriço _lpor |
| 245 | 1 | 0 | _aA elegância do ouriço |
| 300 | _a350 | ||
| 362 | 0 | _a2008 | |
| 440 | 1 | _aCompanhia das Letras | |
| 697 | _aLITERATURA GERAL ESTRANGEIRA | ||
| 942 | _cBK | ||
| 999 |
_c187582 _d187582 |
||